L' erosion des peines: analyse de la cohorte des condamnés à une peine de 30 ans et plus, libérés en 1982
| 1. VerfasserIn: | |
|---|---|
| Medienart: | Druck Buch |
| Sprache: | Französisch |
| Veröffentlicht: |
Paris
CESDIP
1985
|
| In: |
Etudes et données pénales (49)
Jahr: 1985 |
| Bestand in Tübingen: | In Tübingen vorhanden. UB: KB 7 E 676 |
| Verfügbarkeit prüfen: | HBZ Gateway |
| Subito Bestelldienst: | Jetzt bestellen. |
MARC
| LEADER | 00000cam a22000002c 4500 | ||
|---|---|---|---|
| 001 | 1091009996 | ||
| 003 | DE-627 | ||
| 005 | 20230427063751.0 | ||
| 007 | tu | ||
| 008 | 900713s1985 xx ||||| 00| ||fre c | ||
| 035 | |a (DE-627)1091009996 | ||
| 035 | |a (DE-576)021009996 | ||
| 035 | |a (DE-599)BSZ021009996 | ||
| 035 | |a (OCoLC)311285051 | ||
| 040 | |a DE-627 |b ger |c DE-627 |e rakwb | ||
| 041 | |a fre | ||
| 084 | |a PH 6154 |2 rvk |0 (DE-625)rvk/136407:405 | ||
| 100 | 1 | |a Tournier, Pierre |d 1950- |0 (DE-588)1046320696 |0 (DE-627)776094815 |0 (DE-576)163336571 |4 aut | |
| 109 | |a Tournier, Pierre 1950- |a Tournier, Pierre Soziodemograph, Kriminologe 1950- |a Tournier, Pierre V. 1950- |a Tournier, Pierre Victor Soziodemograph, Kriminologe 1950- |a Tournier, Pierre Victor 1950- |a Tournier, Pierre-Victor 1950- |a Tournier, P. 1950- | ||
| 245 | 1 | 3 | |a L' erosion des peines |b analyse de la cohorte des condamnés à une peine de 30 ans et plus, libérés en 1982 |c Pierre Tournier |
| 264 | 1 | |a Paris |b CESDIP |c 1985 | |
| 300 | |a 79 S. | ||
| 336 | |a Text |b txt |2 rdacontent | ||
| 337 | |a ohne Hilfsmittel zu benutzen |b n |2 rdamedia | ||
| 338 | |a Band |b nc |2 rdacarrier | ||
| 490 | 1 | |a Etudes et données pénales |v 49 | |
| 583 | 1 | |a Archivierung prüfen |c 20200919 |f DE-640 |z 2 |2 pdager | |
| 830 | 0 | |a Etudes et données pénales |v 49 |9 49 |w (DE-627)1082844721 |w (DE-576)012844721 |7 am | |
| 936 | r | v | |a PH 6154 |b Einzeldarstellungen zum materiellen Strafrecht |k Rechtswissenschaft |k Strafrecht, Strafverfahrensrecht, Kriminologie |k Vergleichendes und ausländisches Straf- und Strafprozessrecht einschliesslich Strafvollzug |k Ausländisches Recht - Einzelne Länder |k Westeuropa |k Frankreich |k Einzeldarstellungen zum materiellen Strafrecht |0 (DE-627)1272613836 |0 (DE-625)rvk/136407:405 |0 (DE-576)202613836 |
| 951 | |a BO | ||
| ELC | |b 1 | ||
| LOK | |0 000 xxxxxcx a22 zn 4500 | ||
| LOK | |0 001 2147651990 | ||
| LOK | |0 003 DE-627 | ||
| LOK | |0 004 1091009996 | ||
| LOK | |0 005 20000609000000 | ||
| LOK | |0 008 900713||||||||||||||||ger||||||| | ||
| LOK | |0 040 |a DE-21 |c DE-627 |d DE-21 | ||
| LOK | |0 852 |a DE-21 | ||
| LOK | |0 852 1 |c KB 7 E 676 |9 00 | ||
| LOK | |0 935 |a krim | ||
| LOK | |0 936ln |a k1 | ||
| LOK | |0 939 |a 13-07-90 |b l01 | ||
| ORI | |a SA-MARC-krimdoka001.raw | ||
| SIG | |a UB: KB 7 E 676 | ||
